000 00600nam a2200229Ia 4500
003 OSt
005 20220923225255.0
006 a|||||r|||| 00| 0
007 ta
008 Pun
024 _a261,875
037 _cTextual
040 _aARTS
_cARTS
_bPun
041 _2Pun
_aPun
082 _aO153,3:gN, L8
100 _aਜੋਗਿੰਦਰ ਸਿੰਘ
_9156275
245 0 _aਪੰਜਾਬੀ ਨਾਵਲ
260 _c1978
650 _aਪੰਜਾਬੀ ਸਾਹਿਤ
942 _hO153,3:gN, L8
_cTEXL
_2CC
999 _c377176
_d377176